000 00676cam a22002293a 4500
001 40369
003 PGUSA
005 20140828083913.0
008 120729s2012||||xxu|||||s|||||000 | eng d
040 _aPGUSA
_beng
042 _adc
100 1 _aGehres, Ethel J. Maltby
245 1 4 _aThe Silent Readers :
_bSixth Reader
_h[electronic resource] /
_cEthel J. Maltby Gehres
260 _bProject Gutenberg,
_c2012
506 _aPublic domain in the USA.
516 _aElectronic text
700 1 _aPrittie, Edwin John
700 1 _aRichardson, Frederick,
_d1862-1937
830 0 _aProject Gutenberg
_v40369
856 4 0 _uhttp://www.gutenberg.org/ebooks/40369
942 _cEB
999 _c269622
_d269622